Six-Letter First Name Chain - Statistics

General Stats
  • This quiz has been taken 22 times
  • The average score is 9 of 15
Answer Stats
Hint Answer % Correct
The eighth month August
100%
Hagia ______ Mosque in Istanbul Sophia
81%
______ the Tank Engine Thomas
81%
Ruler of Camelot and the Knights of the Round Table Arthur
76%
The third child of Queen Elizabeth II Andrew
71%
First name of actor ______ Wood Elijah
71%
Girls' name which is a palindrome Hannah
67%
French female version of Nicholas Nicole
67%
Ross's sister in "Friends" Monica
62%
A tree species often found near water Willow
62%
The US' top baby girl name of 2025 Olivia
52%
A word referring to a rabbit burrow Warren
52%
Basketball player ______ Olajuwon Hakeem
43%
Biblical name meaning "ewe" Rachel
33%
Most common male name in Hungary Laszlo
14%
No matching quizzes found
Score Distribution
Percent of People with Each Score
Percentile by Number Answered
Your Score History
You have not taken this quiz